Cez kľúčovú dierku : Dnes: Ivan Jackanin

Podrobná bibliografia
Hlavný autor: fm (Author)
Médium: Článok
Jazyk:Slovak
Témy:
Zdroj: 1. Slovenská republika 1. Roč. 8, č. 176(2000), dát. 0801, s. 16
LEADER 00774nab#a2200301#ar4500
001 000034621
003 SVKKK
005 00000000000000.0
008 c xo e sloo
FMT
038 |a SVKKK 
040 |a SVKKK  |b slo  |e AACR2 
041 0 |a slo 
044 |a xo  |c SK 
080 |a 885.  |2 1981 
080 |a 929 Jackanin, Iva  |2 1981 
100 0 |a fm  |4 aut 
245 1 0 |a Cez kľúčovú dierku :  |b Dnes: Ivan Jackanin  |c fm , 
600 1 4 |a Jackanin, Ivan,  |d ?,  |x redaktor, spisovateľ  |x Rešov  |x rodák 
650 0 4 |a Jackanin, Ivan (?-,)  |x profily 
773 0 |t Slovenská republika  |g Roč. 8, č. 176(2000), dát. 0801, s. 16 
957 |a Rešov 
958 |a BJ 
974 |d 000906  |a SAB 
992 |a RBX 
BAS
852 |a SVKKK  |b BIB 
998 |a REG